00421 2200157 4500245008300000020001600083250001100099100002400110650002000134005001900154260003300173041001400206084001200220300002200232336000900254 aAtlas Global b : 34 Provinsi di Indonesia + IndexcPustaka Sandro JayahText a979396733-0 aCet. 1 aPustaka Sandro Jaya aAtlas Indonesia a20230724101423 aJakartabPustaka Sandro Jaya aIndonesia a912.598 a128 hlm. :cilus. atext